00761 2200265 4500001002100000005001700021008004100038020002200079035002500101040001200126082001500138084001700153100002500170245010500195250001100300260003300311300003200344500001100376504002600387650001300413700002100426850001200447990001800459990001800477INLIS00000000001169520150902154021.0  a978-602-279-015-0 a0010-091500000000208 aYOPDYOG 223a155.25 a155.25 Ahm K aAHMAD Hujaj Nurrohim aKairo undercoverb: Yalla! Menguak Kairo via tempec/ Ahmad Hujaj Nurrohim; Editor, Hanifah Fitriani aCet. 1 aJogjakartabDiva Pressc2013 a208 hlm.b: ilus.c; 20 cm. aIndeks aBibliografi: hlm. 205 aMotivasi aHANIFAH Fitriani aYOPDYOG a49842-PD/A.15 a49843-PD/A.15